[Event "POL-chT U20 2nd League"]
[Site "Szczyrk"]
[Date "2017.07.28"]
[Round "9.30"]
[White "Hertlein, Irena"]
[Black "Pazdzierz, Klaudia"]
[Result "1/2-1/2"]
[WhiteElo "1420"]
[BlackElo "1537"]
[PlyCount "63"]
[EventDate "2017.07.22"]
[EventType "team-swiss"]
[EventRounds "11"]
[EventCountry "POL"]
[SourceTitle "EXT 2019"]
[Source "ChessBase"]
[SourceDate "2018.10.10"]
[SourceVersion "1"]
[SourceVersionDate "2018.10.10"]
[SourceQuality "1"]

1. e4 c5 2. Nf3 d6 3. d4 cxd4 4. Nxd4 Nf6 5. Nc3 a6 6. Bc4 b5 7. Bb3 e6 8. 0-0 Be7 9. a3 0-0 10. f4 Qb6 11. Kh1 Nc6 12. Be3 Qc7 13. f5 Nxd4 14. Bxd4 Kh8 15. Qe2 Rb8 16. fxe6 Bxe6 17. Bxe6 fxe6 18. e5 Nd5 19. exd6 Bxd6 20. Qxe6 Nxc3 21. Bxc3 Bxh2 22. Rxf8+ Rxf8 23. Rd1 Bg3 24. Qg4 h6 25. Ba5 Qf7 26. Bb6 Be5 27. c3 Qa2 28. Qb4 Qf7 29. Qg4 Qa2 30. Qb4 Qf7 31. Qg4 Qa2 32. Qb4 1/2-1/2

[Event "POL-ch U12 Girls"]
[Site "Suwalki"]
[Date "2015.04.10"]
[Round "4.2"]
[White "Malicka, Maria"]
[Black "Pazdzierz, Klaudia"]
[Result "1-0"]
[WhiteElo "1537"]
[BlackElo "1366"]
[PlyCount "143"]
[EventDate "2015.04.08"]
[EventType "swiss"]
[EventRounds "9"]
[EventCountry "POL"]
[SourceTitle "EXT 2023"]
[Source "ChessBase"]
[SourceDate "2022.10.05"]
[SourceVersion "1"]
[SourceVersionDate "2022.10.05"]
[SourceQuality "1"]

1. c4 c5 2. e3 e5 3. a3 Nc6 4. Qc2 g6 5. Nf3 Bg7 6. d3 Nge7 7. Be2 0-0 8. 0-0 b6 9. Nbd2 d5 10. cxd5 Nxd5 11. Rd1 Be6 12. Ne4 Rc8 13. Bd2 Qe7 14. Rac1 Nf6 15. Nfg5 Nxe4 16. Nxe6 Qxe6 17. dxe4 Qe7 18. Qb1 Rfd8 19. Bg4 Rc7 20. Bc3 Qg5 21. Bh3 Rf8 22. b4 Ne7 23. bxc5 Rxc5 24. Bb4 Rxc1 25. Qxc1 a5 26. Bd6 f5 27. exf5 Rc8 28. Qb1 Nxf5 29. Qb3+ Kh8 30. Qxb6 h5 31. f4 exf4 32. Bxf4 Qh4 33. Qxg6 Ne7 34. Qg5 Qxg5 35. Bxg5 Rc7 36. e4 Bb2 37. a4 Nc6 38. Rd7 Rxd7 39. Bxd7 Ne5 40. Be8 Bd4+ 41. Kf1 Ng4 42. h3 Nf6 43. Bxf6+ Bxf6 44. Bxh5 Kg7 45. Kf2 Be5 46. Kf3 Kf6 47. Kg4 Bd6 48. Be8 Ke5 49. Bc6 Kf6 50. Be8 Ke5 51. Bg6 Kf6 52. Bf5 Be5 53. Kh4 Bf4 54. g4 Be3 55. Kh5 Kg7 56. e5 Bd4 57. e6 Bf6 58. g5 Be7 59. h4 Bd8 60. Kg4 Be7 61. h5 Kg8 62. Bg6 Kf8 63. Bf7 Kg7 64. Kf5 Kh8 65. Kg6 Bd8 66. Be8 Kg8 67. Bf7+ Kh8 68. Kf5 Kg7 69. h6+ Kh8 70. Kg4 Kh7 71. Kh5 Kh8 72. g6 1-0

[Event "POL-ch U12 Girls"]
[Site "Suwalki"]
[Date "2015.04.09"]
[Round "3.4"]
[White "Pazdzierz, Klaudia"]
[Black "Budkiewicz, Magdalena"]
[Result "1-0"]
[WhiteElo "1366"]
[BlackElo "1536"]
[PlyCount "71"]
[EventDate "2015.04.08"]
[EventType "swiss"]
[EventRounds "9"]
[EventCountry "POL"]
[SourceTitle "EXT 2023"]
[Source "ChessBase"]
[SourceDate "2022.10.05"]
[SourceVersion "1"]
[SourceVersionDate "2022.10.05"]
[SourceQuality "1"]

1. e4 c5 2. Nf3 d6 3. d4 cxd4 4. Nxd4 Nf6 5. Nc3 a6 6. Bc4 e6 7. Bg5 Be7 8. Qf3 Qc7 9. Bb3 b5 10. 0-0-0 Bb7 11. Bxe6 b4 12. Nd5 Nxd5 13. Bxf7+ Kd8 14. Ne6+ Kd7 15. Nxc7 Bxg5+ 16. Kb1 Nxc7 17. Qf5+ Ke7 18. Qxg5+ Kxf7 19. Rxd6 Re8 20. f3 Nb5 21. Qf5+ Kg8 22. Re6 Rf8 23. Qg5 Nc6 24. h4 Nc7 25. Rd6 Rad8 26. Rxd8 Rxd8 27. h5 h6 28. Qc5 Nb5 29. g4 Re8 30. g5 Nbd4 31. gxh6 gxh6 32. Qd5+ Re6 33. Rg1+ Kh7 34. Qd7+ Re7 35. Qg4 Ne6 36. Qg8# 1-0